000 00781cam a22002294a 4500
001 13319983
005 20251124201135.0
008 030821s2004 nyua b 001 0 eng
020 _a0071377344
020 _a9780071377348
050 0 0 _aTA670
_b.B42 2004
082 0 0 _a693/.1
_222
100 1 _aBeall, Christine.
245 1 0 _aMasonry design and detailing :
_bfor architects and contractors /
_cChristine Beall.
250 _a5th ed.
260 _aNew York :
_bMcGraw-Hill,
_cc2004.
300 _axvii, 639 p. :
_bill. ;
_c29 cm.
650 0 _aMasonry.
856 4 2 _3Contributor biographical information
_uhttp://www.loc.gov/catdir/bios/mh041/2003061579.html
856 4 1 _3Table of contents
_uhttp://www.loc.gov/catdir/toc/mh041/2003061579.html
942 _2lcc
_cBK
_e5th ed.
_n0
999 _c8372
_d8372